<?xml version="1.0" encoding="UTF-8"?>
<record
    xmlns:xsi="http://www.w3.org/2001/XMLSchema-instance"
    xsi:schemaLocation="http://www.loc.gov/MARC21/slim http://www.loc.gov/standards/marcxml/schema/MARC21slim.xsd"
    xmlns="http://www.loc.gov/MARC21/slim">

  <leader>00659nam a22001937a 4500</leader>
  <controlfield tag="005">20130612161550.0</controlfield>
  <datafield tag="010" ind1=" " ind2=" ">
    <subfield code="a">ENG-107381</subfield>
  </datafield>
  <datafield tag="020" ind1=" " ind2=" ">
    <subfield code="a">9788178312552</subfield>
    <subfield code="c">1000.00</subfield>
  </datafield>
  <datafield tag="035" ind1=" " ind2=" ">
    <subfield code="a">EN-90914</subfield>
  </datafield>
  <datafield tag="037" ind1=" " ind2=" ">
    <subfield code="b">DBAD/PUB</subfield>
  </datafield>
  <datafield tag="082" ind1=" " ind2=" ">
    <subfield code="a">320.954</subfield>
  </datafield>
  <datafield tag="245" ind1=" " ind2=" ">
    <subfield code="a">Towards an inclusive India : </subfield>
    <subfield code="c">edited by G. Gopa Kumar</subfield>
    <subfield code="b">role of parliament in social change /</subfield>
  </datafield>
  <datafield tag="260" ind1=" " ind2=" ">
    <subfield code="a">New Delhi</subfield>
    <subfield code="b">Manak Publications</subfield>
    <subfield code="c">2011</subfield>
  </datafield>
  <datafield tag="270" ind1=" " ind2=" ">
    <subfield code="a">B-7,Saraswati Complex, Subhash Chowk, Laxmi Nagar</subfield>
    <subfield code="b">New Delhi</subfield>
    <subfield code="e">110092</subfield>
  </datafield>
  <datafield tag="300" ind1=" " ind2=" ">
    <subfield code="a">xxx,376p.</subfield>
    <subfield code="c">23cm(Hb)</subfield>
  </datafield>
  <datafield tag="500" ind1=" " ind2=" ">
    <subfield code="a">Includes bibliographical references and index</subfield>
  </datafield>
  <datafield tag="700" ind1=" " ind2=" ">
    <subfield code="a">Gopa Kumar, G.</subfield>
  </datafield>
  <datafield tag="942" ind1=" " ind2=" ">
    <subfield code="2">ddc</subfield>
    <subfield code="c">EN</subfield>
    <subfield code="m">TOW</subfield>
    <subfield code="h">320.954</subfield>
  </datafield>
  <datafield tag="999" ind1=" " ind2=" ">
    <subfield code="c">75994</subfield>
    <subfield code="d">75994</subfield>
  </datafield>
  <datafield tag="952" ind1=" " ind2=" ">
    <subfield code="0">0</subfield>
    <subfield code="1">0</subfield>
    <subfield code="4">0</subfield>
    <subfield code="7">1</subfield>
    <subfield code="8">NFIC</subfield>
    <subfield code="a">DBAD</subfield>
    <subfield code="b">DBAD</subfield>
    <subfield code="d">2013-05-23</subfield>
    <subfield code="e">DBAD/PUB</subfield>
    <subfield code="g">1000.00</subfield>
    <subfield code="l">0</subfield>
    <subfield code="o">320.954 TOW</subfield>
    <subfield code="p">EN-90914</subfield>
    <subfield code="r">2013-05-23 00:00:00</subfield>
    <subfield code="t">1</subfield>
    <subfield code="v">1000.00</subfield>
    <subfield code="y">EN</subfield>
  </datafield>
</record>
